Best Current Swedish NHL Players - Statistics

General Stats
  • This quiz has been taken 243 times
    201 since last reset
  • The average score is 17 of 34
Answer Stats
Position Team Answer % Correct
Forward Washington Capitals Nicklas Backstrom
86%
Defensemen San Jose Sharks Erik Karlsson
82%
Forward Vegas Golden Knights William Karlsson
81%
Forward Nashville Predators Filip Forsberg
80%
Forward Toronto Maple Leafs William Nylander
80%
Defensemen Tampa Bay Lightning Victor Hedman
79%
Forward Vancouver Canucks Elias Pettersson
77%
Forward Colorado Avalanche Gabrel Landeskog
77%
Forward New York Rangers Mika Zibanejad
71%
Defensemen Buffalo Sabres Rasmus Dahlin
71%
Defensemen Arizona Coyotes Oliver Ekman Larsson
64%
Goalie Calgary Flames Jacob Markstrom
62%
Forward Calgary Flames Elias Lindholm
55%
Defensemen Anahiem Ducks Hampus Lindholm
55%
Goalie Buffalo Sabres Linus Ullmark
53%
Goalie Vegas Golden Knights Robin Lehner
53%
Defensemen Nashville Predators Mattais Ekholm
51%
Defensemen Dallas Stars John Klingberg
50%
Forward New Jersey Devils Jesper Bratt
47%
Forward Anahiem Ducks Rickard Rakell
45%
Defensemen Edmonton Oilers Adam Larsson
39%
Goalie Washington Capitals Henrik Lundqvist
39%
Forward Vancouver Canucks Loui Eriksson
39%
Forward Saint Louis Blues Alexander Steen
35%
Forward Nashville Predators Victor Arvidsson
35%
Defensemen Minnestoa Wild Jonas Brodin
32%
Forward Florida Panthers Patric Hornqvist
32%
Forward Colorado Avalanche Andre Burakovsky
25%
Defensemen Edmonton Oilers Oscar Klefbom
24%
Defensemen Philadelphia Flyers Erik Gustafsson
22%
Goalie Ottawa Senators Anders Nilsson
14%
Forward Washington Capitals Carl Hagelin
14%
Forward Florida Panthers Alexander Wennberg
12%
Forward San Jose Sharks Marcus Sorensen
11%
No matching quizzes found
Score Distribution
Percent of People with Each Score
Percentile by Number Answered
Your Score History
You have not taken this quiz since the last reset